Take it easy; (Record no. 90685)

MARC details
000 -LEADER
fixed length control field 00705cam a22002411 4500
001 - CONTROL NUMBER
control field sg 45000301
003 - CONTROL NUMBER IDENTIFIER
control field DLC
005 - DATE AND TIME OF LATEST TRANSACTION
control field 20260227112747.0
008 - FIXED-LENGTH DATA ELEMENTS--GENERAL INFORMATION
fixed length control field 750304s1945 xx 000 0 eng
010 ## - LIBRARY OF CONGRESS CONTROL NUMBER
LC control number sg 45000301
035 ## - SYSTEM CONTROL NUMBER
System control number (OCoLC)1199127
040 ## - CATALOGING SOURCE
Original cataloging agency DLC
Transcribing agency TxDW
Modifying agency DLC
042 ## - AUTHENTICATION CODE
Authentication code premarc
050 00 - LIBRARY OF CONGRESS CALL NUMBER
Classification number RC343
Item number .M39
082 ## - DEWEY DECIMAL CLASSIFICATION NUMBER
Classification number 616.85
100 1# - MAIN ENTRY--PERSONAL NAME
Personal name Mathews, Arthur Guy
245 10 - TITLE STATEMENT
Title Take it easy;
Remainder of title the art of conquering your nerves,
Statement of responsibility, etc. by Artur Guy Mathews. With 26 symbolical illustrations by the author.
260 ## - PUBLICATION, DISTRIBUTION, ETC.
Place of publication, distribution, etc. New York,
Name of publisher, distributor, etc. Sheridan house
Date of publication, distribution, etc. [1945]
300 ## - PHYSICAL DESCRIPTION
Extent 239 p.
Other physical details diagrs.
Dimensions 21 cm.
650 #0 - SUBJECT ADDED ENTRY--TOPICAL TERM
Topical term or geographic name entry element Neuroses
650 #0 - SUBJECT ADDED ENTRY--TOPICAL TERM
Topical term or geographic name entry element Nervous system
General subdivision Hygiene
650 #0 - SUBJECT ADDED ENTRY--TOPICAL TERM
Topical term or geographic name entry element Mental health.

No items available.

Powered by Koha